| 000 | 00447nam a2200121Ia 4500 | ||
|---|---|---|---|
| 008 | 170221s9999 xx 000 0 und d | ||
| 100 | _aWarren Matthews | ||
| 245 | _aUS housing finance: A clash of economics and politics | ||
| 245 | _cWarren Matthews, University of Phoenix; Robert Driver, DeVry University. | ||
| 260 | _bJournal of Management and Marketing Research | ||
| 650 | _xBusiness | ||
| 856 | _uhttp://www.aabri.com/manuscripts/142091.pdf | ||
| 999 |
_c307977 _d307977 |
||